[Event "Interzonal-16"]
[Site "Biel"]
[Date "1993.??.??"]
[Round "6"]
[White "Agdestein, Simen"]
[Black "Gurevich, Ilya"]
[Result "1/2-1/2"]
[WhiteElo "2610"]
[BlackElo "2575"]
[Annotator "Ftacnik,L"]
[PlyCount "96"]
[EventDate "1993.07.16"]
[EventType "swiss"]
[EventRounds "13"]
[EventCountry "SUI"]
[SourceTitle "CBM 037"]
[Source "ChessBase"]
[SourceDate "1993.12.01"]
[SourceVersion "1"]
[SourceVersionDate "1993.12.01"]
[SourceQuality "1"]

1. Nf3 Nf6 2. c4 g6 3. Nc3 c5 4. e4 d6 5. d4 cxd4 6. Nxd4 Bg7 $6 7. Be2 O-O 8.
O-O a6 9. Bg5 $5 (9. Be3 {normal}) 9... Re8 10. Qd2 Bd7 11. Rfe1 $1 {/\ Bf1,
f4, e5} Nc6 12. Nc2 Rc8 13. Bf1 Ne5 14. Na3 Qa5 15. Rad1 $1 Be6 $8 16. Nd5 Qxd2
17. Rxd2 Bxd5 $6 (17... Nxd5 18. exd5 Bd7 19. f4 h6 20. Bh4 g5 21. fxg5 Ng6 22.
g3 Nxh4 23. gxh4 $16) 18. exd5 h6 19. Bf4 Nfd7 20. f3 $6 (20. h3 $1 {/\ Bg3, f4
} g5 21. Bg3 $16) 20... Rc5 $1 {/\ Ra5<=>} 21. b3 $8 Ra5 22. Nb1 Rc8 {/\ b5}
23. Bg3 g5 24. Bf2 b5 25. cxb5 axb5 26. a3 $1 $16 {><b5} Rb8 $8 27. b4 Raa8 28.
Rc1 Rb7 $8 29. Rdc2 Rbb8 30. Rd2 Rc8 31. Rdc2 Rcb8 32. Rc7 Nf6 33. Ba7 $6 (33.
Rxe7 $1 Nxd5 34. Ra7 $16 {<->c, ><b5}) 33... Rd8 34. Rd1 Rdc8 $1 35. Rxc8+ (35.
Rxe7 $2 Nfd7 36. Bd4 (36. Bf2 Rab8 $1) 36... Bf6 $1 37. Rxd7 Nxd7 38. Bxf6 Nxf6
39. Bxb5 Nxd5 $1 40. Rxd5 Rc1+ 41. Kf2 Rxb1 42. a4 Rxb4 43. Rxd6 Kg7 $17) 35...
Rxc8 36. Bxb5 Nxd5 37. Bf1 (37. Rxd5 Rc1+ 38. Kf2 Rxb1 39. Rd2 Ra1 40. a4 Rb1
$13) 37... e6 38. b5 Nc4 39. Rc1 (39. Bxc4 Rxc4 40. Kh1 Rc2 41. a4 Rb2 $13)
39... Ncb6 40. Rxc8+ Nxc8 41. Bf2 Ndb6 $1 $8 42. Bd3 d5 43. Kf1 Kf8 44. Bc2 Nc4
$1 {/\ N8d6-b7, Nca5} 45. a4 Ke8 $2 (45... Ke7 46. Bd3 Nb2 {/\} 47. b6 $2 (47.
a5 $4 Nxd3 48. b6 Kd7 49. a6 Nxf2 $19) 47... Nxb6) 46. Bd3 $1 N8d6 (46... Nb2
47. b6 $1 Nxb6 48. Bb5+ Nd7 49. a5 $18) 47. Ke2 $2 (47. Bxc4 $1 Nxc4 48. Ke2
$16) 47... Na5 $1 $10 48. Be1 Ndb7 1/2-1/2

[Event "Dos Hermanas"]
[Site "Dos Hermanas"]
[Date "1993.??.??"]
[Round "3"]
[White "Karpov, Anatoly"]
[Black "Adams, Michael"]
[Result "1-0"]
[WhiteElo "2725"]
[BlackElo "2630"]
[Annotator "Ftacnik,L"]
[PlyCount "81"]
[EventDate "1993.04.??"]
[EventType "tourn"]
[EventRounds "9"]
[EventCountry "ESP"]
[EventCategory "14"]
[SourceTitle "CBM 036"]
[Source "ChessBase"]
[SourceDate "1993.10.01"]
[SourceVersion "1"]
[SourceVersionDate "1993.10.01"]
[SourceQuality "1"]

1. Nf3 {Stohl} Nf6 2. c4 c5 3. Nc3 b6 4. d4 (4. e4 {Stohl} Nc6 $5 5. d4 cxd4 6.
Nxd4 Bb7 7. Nxc6 Bxc6 8. Bd3 Qb8 9. Qe2 d6 10. O-O e6 11. b3 Be7 12. Ba3 O-O
13. Nd5 Bd8 $8 14. Nb4 Bb7 15. Bb2 Nd7 16. Rad1 Bf6 $10 {Makarov,M-Marinkovic,
I/Podgorica/1993/}) 4... cxd4 5. Nxd4 Bb7 6. f3 e6 7. e4 Nc6 (7... d6 8. Be3
Nbd7 (8... a6 {Stohl} 9. Be2 Be7 10. O-O O-O 11. Qd2 Nbd7 12. Rac1 Rc8 13. Rfd1
Qc7 14. Bf1 Qb8 15. Kh1 Kh8 16. b4 Rg8 17. Nb3 d5 18. cxd5 Bxb4 19. Bf4 $14 {
Siegel,G-Vaiser,A/Munich op/1993/})) 8. Be3 Bc5 (8... Rc8 $6 {Stohl} 9. Ndb5 d6
10. Bf4 e5 11. Be3 a6 12. Na3 Be7 13. Be2 O-O 14. O-O Nd4 15. Kh1 Ne6 16. Nc2
Nf4 17. Nb4 N6h5 18. g3 $16 {Gelfand,B-Sokolov,I/Amsterdam OHRA-B/1988/}) (8...
Qb8 $5 {Stohl} 9. Qd2 Be7 10. g4 O-O 11. O-O-O Rc8 12. g5 Ne8 13. Nxc6 Bxc6 14.
Kb1 a6 15. h4 b5 16. h5 bxc4 17. g6 $13 {Hansen,C-Ftacnik,L/Groningen/1991/})
9. Qd2 (9. Nxc6 Bxc6 10. Bxc5 bxc5 11. Qd6 Qe7 12. e5 Qxd6 13. exd6 $13) 9...
O-O (9... Qb8 $5 {Stohl} 10. Be2 (10. O-O-O $142 $5 O-O {-9...0-0}) 10... O-O
11. O-O Rd8 12. Rad1 Nxd4 13. Bxd4 d6 14. Kh1 Bxd4 15. Qxd4 Bc6 16. Rd2 a6 17.
Rfd1 Rd7 $10 {Bukal,V-Borgo,G/Reggio Emilia II/1992/}) 10. O-O-O (10. Nxc6 Bxc6
(10... Bxe3 $2 11. Qxe3 Bxc6 12. e5) 11. Bxc5 bxc5 12. Qd6 Qb6 13. O-O-O Rab8
14. Rd2 Rfd8 15. e5 Ne8 16. Qd3 d6 $132) 10... Qb8 $1 (10... d5 11. Nxc6 Bxc6 (
11... Bxe3 12. Qxe3 Bxc6 13. e5 $16) 12. Bxc5 bxc5 13. exd5 exd5 14. cxd5 $16)
(10... Qe7 {Stohl} 11. Be2 Rfd8 12. Rhe1 d5 $6 13. cxd5 Nxd4 14. Bxd4 exd5 15.
e5 Nd7 16. f4 Rac8 17. Kb1 Bxd4 18. Qxd4 $16 {Spraggett,K-Spassky,B/
Montpellier ct/1985/}) 11. Be2 Rd8 $2 (11... Nxd4 12. Bxd4 Bxd4 13. Qxd4 Rd8
14. e5 Ne8 15. Nb5 d5 $1 16. exd6 Bc6 $13) 12. Bf4 $1 Qc8 (12... e5 13. Nxc6
Bxc6 14. Bg5 $16) (12... Bd6 $2 {Stohl} 13. Nxe6 $1 Bxf4 14. Nxf4 $18) (12...
d6 {Stohl} 13. Nb3 $36 {/\Nc5,Bg5}) 13. Nxc6 Bxc6 (13... dxc6 14. Qxd8+ (14.
Qc2 $5 $14 {Stohl}) 14... Qxd8 15. Rxd8+ Rxd8 16. e5 Ne8 $16 (16... Nh5 $6 17.
Bd2 $1 g6 18. g4 Ng7 19. Bg5 {/\ Ne4}) (16... Nd7 17. Rd1 Be7 18. Ne4 $36 {
_|_()})) 14. e5 Ne8 15. Bg5 f6 16. exf6 Nxf6 (16... gxf6 {Stohl} 17. Be3 $40 {
׻}) 17. Bd3 (17. Bxf6 {Stohl} gxf6 18. Qh6 Rf8 19. Bd3 Rf7 $132 {/\Qf8}) 17...
Be7 18. Kb1 a6 19. Rhe1 $1 Qb7 (19... b5 20. Nd5 $1 (20. cxb5 {Stohl} axb5 21.
Nxb5 Qb7 $132) 20... Nxd5 21. cxd5 Bxg5 22. Qxg5 Bxd5 23. Bxh7+ (23. Qh5 $5 h6
24. Qg6 $40) 23... Kxh7 24. Rxd5 Qc4 (24... exd5 25. Re7 Rg8 26. Qh5#) 25. Rdd1
$16) 20. Bc2 b5 (20... Re8 {Stohl} 21. Qd3 g6 22. Qd4 $16) 21. Nd5 $1 Bxd5 (
21... Nxd5 22. cxd5 Bxg5 23. dxc6 Bxd2 24. cxb7 $18 (24. cxb7 {Stohl} Bxe1 25.
bxa8=Q $18)) (21... exd5 {Stohl} 22. Rxe7 dxc4 23. Bxf6 gxf6 24. Qh6 $18) 22.
cxd5 Nxd5 (22... Qxd5 $2 23. Qxd5 Nxd5 24. Rxd5 $18) 23. Be4 $1 Bxg5 (23... Bb4
24. Qxb4 $18) (23... Re8 24. Bxe7 Rxe7 25. Bxd5 $18) 24. Qxg5 Qb6 (24... Rac8 {
Stohl} 25. Rxd5 $18) 25. Bxd5 exd5 26. Re7 $1 Qg6+ (26... g6 27. Qe5 $18) (
26... Qf6 27. Qxf6 gxf6 28. Rxd5 Ra7 29. Rd6 $18) 27. Qxg6 hxg6 28. Rxd5 Ra7
29. Rd6 Kh7 (29... Kf8 30. Re4 Kf7 31. Rf4+ Kg8 32. Rxg6 d5 33. Rd4 $18) 30.
Re4 Rc7 (30... a5 31. Kc2 {/\ Kd3} (31. Rh4+ Kg8 32. Rxg6 Rc7 33. Rd4 Re8 34.
a3 Re2 35. Rd5 b4 $1 36. axb4 Rcc2 $132)) 31. Rxa6 (31. Rh4+ {Stohl} Kg8 32.
Rxg6 Re8 33. a3 Re2 $132) 31... d5 32. Rh4+ Kg8 33. Rd4 (33. Rxg6 {Stohl} d4
$44) 33... Kf7 34. Rf4+ Kg8 35. Rd4 Kf7 36. Rb6 Rc4 37. Rd2 (37. Rxc4 {Stohl}
bxc4 38. Rc6 $18) 37... b4 (37... d4 38. Rxb5 d3 39. Rb3 Rcd4 40. g3 g5 41. h3
$1 $18) 38. b3 Rf4 39. Kc2 g5 40. h3 Rd7 41. Kd1 1-0

[Event "Banja Luka"]
[Site "Banja Luka"]
[Date "1981.04.??"]
[Round "?"]
[White "Hausner, Ivan"]
[Black "Tseshkovsky, Vitaly"]
[Result "0-1"]
[WhiteElo "2460"]
[BlackElo "2530"]
[Annotator "Gagarin,V"]
[PlyCount "74"]
[EventDate "1981.04.13"]
[EventType "tourn"]
[EventRounds "11"]
[EventCountry "YUG"]
[EventCategory "9"]
[SourceTitle "MCL"]
[Source "ChessBase"]
[SourceDate "1999.07.01"]
[SourceVersion "1"]
[SourceVersionDate "1999.07.01"]
[SourceQuality "1"]

1. d4 Nf6 2. c4 c5 3. Nf3 cxd4 4. Nxd4 b6 5. Nc3 Bb7 6. Bg5 (6. f3 $1 $14 {
/\ e4}) 6... a6 $1 7. Bxf6 gxf6 8. e4 (8. e3 e6 9. Qh5 (9. a3 f5 10. Rg1 Bg7
11. g4 f4 12. exf4 Nc6 13. Nxc6 Bxc6 14. Rg3 Qc7 $44 {Peresipkin,V-Zaid,L/URS/
1977/}) 9... Qc7 $1 {/\ Qe5} 10. Nf3 Qc5 11. Qh4 f5 12. Be2 Bg7 13. O-O Nc6 14.
Rac1 Ne5 15. Qg3 Ng6 $5 16. Rfd1 Rc8 $1 17. a3 Qc7 18. Qxc7 Rxc7 19. Nd4 $2 f4
$1 $15 {Lerner,K-Psakhis,L/Riga URS-ch/1985/0:1/64/}) (8. Nf5 $5 b5 9. a3 (9.
cxb5 axb5 10. a3 $2 b4 $1 11. axb4 Rxa1 12. Qxa1 e6 $15) 9... bxc4 10. e4 Nc6
11. Bxc4 e6 12. Nd6+ Bxd6 13. Qxd6 Rc8 14. O-O Rg8 15. Be2 Qe7 16. Rad1 (16.
Qf4 $14 {Suetin}) 16... Qxd6 17. Rxd6 Rc7 18. Rfd1 Ke7 19. f4 Rb8 20. b4 Na7 $1
$13 {Rashkovsky,N-Suetin,A/URS/1974/1/2-1/2/42/}) 8... e6 9. g3 $6 (9. Be2 Qc7
10. O-O h5 $5 11. a3 $6 Nc6 12. Kh1 h4 13. f4 f5 14. exf5 h3 15. Bf3 hxg2+ 16.
Bxg2 O-O-O 17. Rc1 $2 Bd6 $1 $17 {Hansen,Cu-Plaskett,J/Copenhagen/1985/1:0/36/}
) (9. Nc2 Qc7 10. h4 Nc6 11. Rh3 Ne5 12. b3 Rg8 13. Qd2 Ng4 14. f4 Bc5 $15 {
Agdestein,S-Kudrin,S/Marseille/1987/0:1/32/}) (9. Bd3 Qc7 10. Rc1 Nc6 11. Nxc6
Qxc6 12. O-O h5 13. Qe2 Bc5 14. Nd5 Bd4 {Hausner,I-Deze,A/Delmenhorst/1988/1/
2-1/2/14/}) 9... Bb4 $1 10. Bg2 Bxc3+ $1 11. bxc3 Qc7 $15 {><c3,c4} 12. O-O d6
(12... Qxc4 $2 13. Rb1 b5 14. a4 $36) 13. Re1 Nd7 14. Qh5 Ke7 15. Rad1 Rab8 $1
{/\ Qc4} (15... Qxc4 $2 16. e5 $1 Bxg2 17. exd6+ $16) 16. Bf1 Qc5 $1 17. Qe2 h5
$1 18. Nb3 Qc7 19. h4 Rbg8 20. Rd4 Ne5 21. Red1 Rd8 22. Bg2 Rhg8 23. Nd2 (23.
Qxh5 Nxc4 $15) 23... Qc5 24. Nf1 (24. Qxh5 Nc6 $1 25. Qxc5 dxc5 26. Rxd8 Rxd8
27. Kf1 (27. Bf1 Ne5 $17) 27... Rd3 28. Ke2 Rxc3 29. h5 Nd4+ 30. Ke1 Ra3 31. h6
Kf8 $17) 24... Bc6 25. Ne3 Ba4 26. Rb1 Rb8 27. Qb2 $2 (27. Qxh5 $1 Nc6 28. Qxc5
bxc5 29. Rxb8 Rxb8 30. Rd2 Rb1+ 31. Kh2 (31. Bf1 Ne5 32. Kg2 Bc6 33. f3 f5 $17)
31... Rc1 32. Rb2 Rxc3 33. Rb7+ Kf8 (33... Ke8 $6 34. h5 $36) 34. Rd7 Rd3 35.
Ng4 Kg7 36. h5 $132) 27... Nc6 28. Rd2 $6 (28. Rd3 $17) 28... Rxg3 $1 $17 29.
fxg3 Qxe3+ 30. Rf2 (30. Kh2 Ne5 $19) 30... Ne5 31. Qd2 Qxg3 32. Qf4 Qxf4 33.
Rxf4 Bc2 $1 $19 34. Rbf1 Bd3 35. R1f2 Rg8 36. Rxf6 Bxe4 37. R6f4 f5 (37... f5
38. Re2 (38. Kh1 Nd3 $19) 38... Ng6 39. Rfxe4 fxe4 40. Rxe4 Ne5 $19) 0-1

[Event "Rome"]
[Site "Rome"]
[Date "1981.??.??"]
[Round "?"]
[White "Zichichi, Alvise"]
[Black "Makropoulos, Georgios"]
[Result "0-1"]
[WhiteElo "2400"]
[BlackElo "2485"]
[Annotator "Gagarin,V"]
[PlyCount "86"]
[EventDate "1981.02.??"]
[EventType "tourn"]
[EventRounds "9"]
[EventCountry "ITA"]
[EventCategory "10"]
[SourceTitle "MCL"]
[Source "ChessBase"]
[SourceDate "1999.07.01"]
[SourceVersion "1"]
[SourceVersionDate "1999.07.01"]
[SourceQuality "1"]

1. Nf3 c5 2. c4 Nf6 3. Nc3 b6 4. e4 d6 5. d4 cxd4 6. Nxd4 Bb7 7. f3 e6 8. Be3
a6 9. Be2 Nbd7 (9... Be7 $5 10. O-O O-O 11. a4 $140 $6 Nc6 $1 {Ivanchuk}) 10.
O-O Be7 11. Qd2 (11. a4 $1 O-O 12. a5 bxa5 13. Nb3 Rb8 (13... a4 14. Nxa4 $14)
14. Nxa5 (14. Ba7 Ra8 15. Bd4 Rb8 16. Nxa5 Ba8 17. Qd2 Qc7 18. Rfc1 Ne5 19. b4
$1 $16 {Greenfeld,A/Fedorowicz,J/Hastings/1985/1/2-1/2/57/}) 14... Ba8 15. Qd2
Ne5 $5 (15... Qc7 16. Rfc1 Rfc8 (16... Ne5 17. Na4 Bc6 18. b4 Bxa4 19. Rxa4
Nfd7 20. Raa1 Rfc8 21. Nb3 $16 {Ivanchuk,V-Adams,M/Dortmund/1992/1:0/44/}) 17.
Na4 Nc5 18. b4 Nxa4 19. Rxa4 Qd7 20. Rca1 $16 {Gelfand,B-Smirin,I/Vilnius/1988/
}) 16. Rfc1 Qd7 17. Na4 Bd8 18. b4 Nc6 19. Nxc6 Bxc6 20. Nb2 $14 {Ivanchuk})
11... O-O 12. Rfd1 Qc7 13. Rac1 Rfe8 14. Bf1 Rac8 15. b3 (15. Kh1 Qb8 16. Qf2 (
16. Bg1 Bf8 (16... Bd8 17. b3 Bc7 18. Rc2 Kh8 19. b4 Rg8 20. Nb3 g5 $6 21. h3
$1 Rg6 22. Bh2 $16 {Kruszynski,W-Farago,I/Albena/1983/}) (16... Ne5 17. Na4
Nfd7 18. b4 h6 19. a3 Ba8 20. Rc2 Bd8 21. Rdc1 Bc7 $13) 17. b4 Ne5 18. Na4 Nfd7
19. a3 Ba8 20. Nb3 {Yusupov,A-Cseshkovsky,V/URS-ch/1981/1:0/41/} Nxc4 21. Bxc4
b5 $13 {Yusupov}) 16... Bd8 17. Nc2 (17. Nb3 $6 Bc7 18. Qg1 $6 (18. g3 $13)
18... Kh8 $1 19. Rc2 Rg8 $1 20. Rcd2 g5 21. Bd4 Rg6 $15 {Taimanov,M-Yusupov,A/
URS/1982/0:1/42/}) (17. b4 Ne5 18. Na4 d5 $1 $15) (17. b3 Bc7 18. Nde2 $13) (
17. Qg1 Ne5 18. b3 h6 19. Na4 Nfd7 $1 20. b4 g5 $5 $13) 17... Bc7 18. g4 (18.
Qg1 Kh8 19. Nb4 Rg8 20. Na4 Nc5 21. Nxc5 dxc5 22. Nd3 a5 $13) 18... h6 19. h4
d5 $1 $13) 15... Qb8 16. Kh1 Bf8 (16... Bd8 17. Bg1 $14 {- 15.Kh1}) 17. Bg1
Rcd8 18. Qb2 Qa8 19. Nc2 d5 $5 20. exd5 exd5 21. Ne3 (21. cxd5 Nxd5 22. Nxd5
Bxd5 23. Bxa6 $4 Bxf3 $17) 21... dxc4 22. Nxc4 Re6 (22... b5 23. Nd6 $14) 23.
Re1 Rxe1 24. Rxe1 b5 25. Ne3 $6 (25. Na5 $5 Bc8 26. b4 $14) 25... Re8 $15 26.
Nc2 Ne5 27. Nxb5 $1 Nxf3 $1 (27... axb5 $2 28. Rxe5 Rxe5 29. Qxe5 Qxa2 30. Qxb5
Bxf3 31. gxf3 Qxc2 32. Qc4 $14) 28. Nc7 Nxe1 $1 29. Nxa8 $2 (29. Nxe1 $1 Rxe1
$5 (29... Qc8 30. Nxe8 Qxe8 $10) 30. Nxa8 Rxf1 {/\ Ba8, /\ Bc5} 31. Qe2 $8 Rb1
$1 32. Qc2 Be4 33. Qc8 h5 (33... Rb2 34. Bc5 Rb1+ 35. Bg1 $10) 34. h3 $44)
29... Re2 $3 $19 30. Bd4 (30. h3 Nxg2 $1 31. Bxe2 Nh4+ 32. Kh2 Bd6+ $19) (30.
h4 Nxg2 $1 31. Bxe2 Ne1+ 32. Kh2 Bd6+ 33. Kh3 Bg2#) (30. Nb6 Nxg2 $1 31. Bd4
Ne1+ 32. Kg1 Nf3+ $19) (30. Ba7 Rxc2 31. Qe5 Nxg2 32. Qb8 Be4 33. Bxg2 Rxg2 34.
h3 Nh5 $19) (30. Qd4 Rxg2 $1 31. Qa7 Be4 $19) 30... Rxc2 31. Qb1 Nxg2 $1 32.
Qxc2 (32. Nb6 Nh4+ 33. Kg1 Nf3+ $19) (32. Bxg2 Rxg2 $19) 32... Ne3+ 33. Qg2 $8
Nxg2 34. Bxg2 Bxg2+ 35. Kxg2 Nd5 $1 36. Kf3 f5 $1 37. Nb6 Nxb6 38. Bxb6 Kf7 39.
Bd4 g5 40. Bc3 Ke6 41. a4 (41. h3 h5 $19) 41... g4+ 42. Ke3 Bc5+ 43. Ke2 Kd5 (
43... Kd5 44. Kf1 (44. b4 Bg1 $19) 44... Ke4 $19) 0-1

[Event "Olympiad-31"]
[Site "Moscow"]
[Date "1994.12.08"]
[Round "7.2"]
[White "Georgiev, Kiril"]
[Black "Magem Badals, Jordi"]
[Result "1/2-1/2"]
[WhiteElo "2615"]
[BlackElo "2520"]
[Annotator "Georgiev,Ki"]
[PlyCount "58"]
[EventDate "1994.12.01"]
[EventType "team-swiss"]
[EventRounds "14"]
[EventCountry "RUS"]
[SourceTitle "CBM 045"]
[Source "ChessBase"]
[SourceDate "1995.04.01"]
[SourceVersion "1"]
[SourceVersionDate "1995.04.01"]
[SourceQuality "1"]
[WhiteTeam "Bulgaria"]
[BlackTeam "Spain"]
[WhiteTeamCountry "BUL"]
[BlackTeamCountry "ESP"]

1. c4 {Stohl} c5 2. Nf3 Nf6 3. d4 cxd4 4. Nxd4 e5 5. Nb5 d5 6. cxd5 Bc5 7. N5c3
O-O 8. e3 e4 9. a3 (9. Be2 {Stohl} Qe7 10. b3 Rd8 11. Qc2 Bf5 12. Bb2 Nbd7 13.
a3 $6 Ne5 14. b4 Nd3+ 15. Bxd3 exd3 16. Qd2 Bb6 17. O-O Rac8 18. Re1 Ng4 19. h3
Ne5 20. e4 Bxh3 $1 $40 {Esteban,JM-Gomez,M/San Sebastian op/1994/}) 9... Bf5 (
9... a5 $5) (9... a5 {Stohl} 10. Nd2 Qe7 11. Be2 Rd8 12. O-O Bf5 13. Nb3 Bd6
14. Nd4 Bg6 15. Ndb5 Be5 16. f4 exf3 17. Bxf3 Na6 18. e4 Qc5+ 19. Kh1 Nxe4 20.
Qe2 Nxc3 21. Nxc3 Bxc3 22. bxc3 Qxc3 23. Bg5 f6 $13 {Nenashev,A-Gorelov,S/
Moscow-ch/1984/}) 10. Be2 (10. Nd2 {Stohl} a5 $5 11. Nc4 Nbd7 12. b3 Re8 13.
Bb2 Ng4 14. Nb5 Nb6 15. d6 Qg5 16. Rc1 $2 Nxf2 $1 17. Qc2 Nxh1 $19 {Rositer,
P-Hebden,M/BCF-ch/1988/}) 10... Nbd7 11. g4 (11. b4 Bd6 12. Bb2 $10) 11... Bg6
12. h4 h6 13. Nd2 (13. g5 hxg5 14. hxg5 Nh7 $15) 13... Re8 14. b4 (14. Nb3 Bd6)
(14. Nc4 Ne5 15. b4 Bf8 16. Nxe5 Rxe5 17. Bb2 Nxd5 18. Qd4 $1 $14) 14... Bd6
15. Bb2 Nb6 (15... Be5 16. Nc4 $14 {/\Ne5}) 16. Qb3 Be5 17. O-O-O (17. Rd1 Bxc3
18. Bxc3 Nfxd5 19. Ba1 f6 $10 {/\Bf7}) (17. g5 $6 {Stohl} hxg5 18. hxg5 Nfxd5 (
18... Bxc3 $2 19. Qxc3 Nbxd5 20. Qd4 $18) 19. Nxd5 (19. Ndxe4 $2 Bxe4 20. Nxe4
Bxb2 $19) 19... Nxd5 $15) 17... a5 18. Kb1 (18. b5 {Stohl} a4 {/\Rc8->}) 18...
axb4 19. axb4 Bxc3 (19... Nfxd5 20. Nxd5 Qxd5 21. Nc4 Qe6 $1 22. Bxe5 Nxc4 23.
Bxc4 Qxe5 $13) 20. Bxc3 Nfxd5 21. Bb2 (21. Bd4) 21... f6 22. Nc4 (22. g5 {Stohl
} Bf7 $1 $36) 22... Bf7 23. Nxb6 Nxb6 (23... Qxb6 24. Bc4 (24. Rxd5 {Stohl}
Bxd5 25. Qxd5+ $18) (24. Bc4 Qxb4 25. Rxd5 $18)) 24. Rxd8 Rexd8 (24... Bxb3 {
Stohl} 25. Rxe8+ Rxe8 26. Rc1 $14 {^^_|_}) 25. Qc2 (25. Qc3 Rdc8 26. Qd2 Ba2+
27. Ka1 Bb3+ 28. Kb1) 25... Rdc8 26. Qxc8+ (26. Qd2 Ba2+ 27. Ka1 Bc4+ 28. Kb1
Ba2+ $10) (26. Bc3 $6 {Stohl} Na4 $40) 26... Rxc8 27. g5 (27. Rc1 {Stohl} Bc4
$10) (27. Bd4 {Stohl} Nd5 $10 {/\Nc3,Nb4}) 27... Bc4 28. Bg4 (28. Bxc4+ Nxc4
29. gxh6 (29. gxf6 $2 Nd2+ 30. Ka2 Ra8+ 31. Ba3 Nc4 32. Kb3 Nxa3 33. Ra1 $10 g6
$1 34. Rxa3 Rxa3+ 35. Kxa3 h5 $1 $19 {/\g5}) 29... Nd2+ 30. Ka2 Ra8+ 31. Ba3 b5
$1 (31... Nc4 32. Kb3 $1 Nxa3 33. Rg1 (33. Ra1 $5) 33... Nb5 34. Rxg7+ Kh8 35.
Rxb7 Nd6 $15) 32. Ra1 gxh6 $17 {/\Nc4} (32... gxh6 {Stohl} 33. Kb2 Nc4+ $17))
28... Bd3+ 29. Ka2 Bc4+ (29... Ra8+ 30. Kb3 Bc4+ 31. Kc2 hxg5 32. hxg5 Ra2 33.
Ra1 $13) (29... Rc2 {Stohl} 30. gxf6 gxf6 31. Kb3 $132) (29... Bc4+ {Stohl} 30.
Ka1 $5 (30. Kb1 Bd3+ $10) 30... Ra8+ 31. Kb1 Bd3+ 32. Kc1 Ra4 $132) 1/2-1/2

[Event "Villa Martelli"]
[Site "Villa Martelli"]
[Date "1997.06.06"]
[Round "6"]
[White "Rodriguez Vila, Andres"]
[Black "Hoffman, Alejandro"]
[Result "1-0"]
[WhiteElo "2565"]
[BlackElo "2480"]
[Annotator "Gofshtein,L"]
[PlyCount "72"]
[EventDate "1997.06.01"]
[EventType "tourn"]
[EventRounds "11"]
[EventCountry "ARG"]
[EventCategory "13"]
[SourceTitle "CBM 060"]
[Source "ChessBase"]
[SourceDate "1997.09.29"]
[SourceVersion "1"]
[SourceVersionDate "1997.09.29"]
[SourceQuality "1"]

1. e4 c5 2. Nf3 d6 3. d4 cxd4 4. Nxd4 Nf6 5. f3 a6 (5... e5 6. Bb5+ Nbd7 7. Nf5
d5 8. exd5 a6 9. Bxd7+ Qxd7 10. Ne3 b5 11. O-O Bb7 $44 {Manolov-Sakaev,1994
Elenite}) (5... Nc6 6. c4 Qb6 7. Nb5 $6 (7. Nc2 g6 8. Nc3 Bg7 9. Qd3 Ne5 10.
Qe3 Qc7 11. b3 a6 12. Bd2 O-O 13. Rc1 e6 14. f4 Ned7 15. Be2 b6 16. O-O Bb7 17.
b4 Rac8 18. Na1 Qb8 19. Nb3 Qa8 20. Bd3 Rfe8 21. Rfe1 e5 22. Nd5 b5 $15 {
Yagupov-Timoshenko,Russia 1996}) 7... a6 8. N5c3 e6 9. Be2 Be7 10. Na4 Qa7 11.
Nbc3 O-O 12. Bf4 Nh5 $5 $17 13. Bxd6 b5 $36 {Magem Badals -Atalik,S,EU-ch-TM
1997}) 6. c4 e6 7. Nc3 Be7 8. Be3 O-O 9. Be2 b6 10. O-O Bb7 11. Qd2 Nbd7 12.
Rfd1 {The usual, standard position} Rc8 13. Rac1 Qc7 14. Bf1 (14. b4 Qb8 15.
Nb3 Bd8 16. Kh1 Bc7 17. Bf4 Ne8 18. a4 Ndf6 19. a5 bxa5 20. Nxa5 Ba8 21. Na4
Nh5 22. Be3 Nef6 23. Bg1 Rcd8 24. Rb1 d5 25. exd5 Bf4 $132 {Gulko-Gurevich.D,
USA 1996}) 14... Qb8 (14... Rfe8 15. Kh1 Qb8 16. a3 Bd8 17. Bg1 Kh8 18. b4 Ne5
19. Nb3 Be7 20. Na4 Nfd7 21. Qe3 Nxc4 22. Bxc4 b5 $132 {Leko-Van-Vely,
Cap-d-Agde 1996}) 15. Qf2 (15. b4 Ne5 16. Na4 Nfd7 17. Nb3 Bc6 18. Nb2 Ba8 19.
a4 a5 20. b5 Kh8 21. Be2 Rg8 $13 {Rausis-Van-Vely,Vlissingen97}) 15... Bd8 16.
Kh1 Re8 17. Qg1 Kh8 18. b4 Bc7 19. Nb3 Rg8 {Black attempts the old Fischer
plan.} (19... d5 20. cxd5 exd5 21. Nxd5 Nxd5 22. exd5 Bxh2 23. Rxc8 Bxc8 24.
Qxh2 Qxh2+ 25. Kxh2 Rxe3 26. Rc1 $16) 20. Bd4 Ba8 (20... Ne5 21. Na4 Nc6 22.
Bc3 $16) 21. Rb1 g5 $6 (21... Ne5 $142 22. c5 b5) 22. Bd3 g4 $6 (22... Rg6 $142
{with the idea Rh6,Rg8}) 23. Qf2 d5 $2 (23... gxf3 $142 24. gxf3 Rg6) 24. exd5
Bxh2 (24... exd5 25. Bf5 Be5 26. Bxd7 Nxd7 27. f4 $16) 25. Ne4 $1 Be5 26. Nxf6
Nxf6 (26... Bxf6 27. Qh4 $1) 27. Re1 $1 $18 g3 28. Qb2 Bxd4 29. Qxd4 Kg7 $8 30.
Re4 e5 (30... h5 31. Re5 $18) 31. Rxe5 Qd6 32. Qf4 Kf8 33. Rbe1 Rd8 34. Qh6+
Rg7 35. Rg5 Nh5 36. Qxd6+ Rxd6 1-0

[Event "RUS-Cup final"]
[Site "Samara"]
[Date "1998.08.31"]
[Round "3"]
[White "Zvjaginsev, Vadim"]
[Black "Fedorov, Alexei"]
[Result "1-0"]
[WhiteElo "2650"]
[BlackElo "2600"]
[Annotator "Gofshtein,L"]
[PlyCount "77"]
[EventDate "1998.08.??"]
[EventType "tourn"]
[EventRounds "11"]
[EventCountry "RUS"]
[SourceTitle "CBM 067"]
[Source "ChessBase"]
[SourceDate "1998.11.30"]
[SourceVersion "2"]
[SourceVersionDate "1998.11.01"]
[SourceQuality "1"]

1. e4 c5 2. Nf3 d6 3. d4 cxd4 4. Nxd4 Nf6 5. f3 e6 (5... e5 6. Nb3 Be6 7. c4
Be7 8. Be3 O-O 9. Nc3 Nbd7 10. Qd2 Rc8 11. Nd5 b5 12. Na5 bxc4 13. Bxc4 Bxd5 (
13... Nb6 $1 14. Bb3 Nbxd5 15. exd5 Bd7 16. O-O e4 $13) 14. exd5 e4 15. f4 Nb6
16. Bb3 Ng4 17. Nc6 Qd7 18. O-O Nxe3 19. Qxe3 f5 20. a4 $16 {G.Timosenko-Agnos,
Linares 1998}) 6. c4 Be7 (6... Nc6 7. Nc3 Be7 8. Nc2 O-O 9. Ne3 a6 10. Be2 Rb8
11. O-O Ne8 12. Kh1 Nc7 13. a4 Bf6 14. Nc2 Qe7 15. Be3 b6 16. Qd2 Rd8 17. Rad1
$16 {Magem Badals-D.Dumitresku,Linares 1988}) 7. Nc3 O-O 8. Be2 b6 9. O-O Bb7
10. Be3 Nbd7 11. Qd2 a6 (11... Rc8 $142 12. a4 (12. Rac1 Ne5 13. b3 a6) (12.
Ndb5 Ne5 13. Nxa7 Nxc4) 12... Ne5 13. b3 d5) 12. a4 Qc7 $6 (12... d5 13. exd5
exd5 14. Nxd5 Nxd5 15. cxd5 Bxd5 16. Nf5 $14) (12... Nc5 13. b4 e5 14. bxc5
exd4 15. Qxd4 dxc5 16. Qxd8 Rfxd8 17. Rab1 $16) (12... Ne5 $5 13. a5 bxa5 14.
Nb3 Nc6 15. Na4 Nd7) (12... Re8 $5) 13. Rfc1 Rfe8 $6 (13... Ne5 14. a5 bxa5 15.
Nb3 Nc6 (15... Nxc4 16. Bxc4 Qxc4 17. Nxa5 Qb4 18. Ra4 $18) 16. Nd5 $1 $16) (
13... Rab8 $5) 14. a5 bxa5 15. Nb3 Rac8 $6 (15... Rab8 $142 16. Nxa5 Ba8 17. b4
Rec8 $14) 16. Nxa5 Ba8 17. Nb3 Qb8 (17... Ne5 18. Nd4 Qb8 19. b3 $16) 18. Nd4
Bb7 19. Bf2 $1 Bd8 (19... d5 20. exd5 exd5 21. Nxd5 Nxd5 22. cxd5 $16) 20. b4
Ne5 21. Na4 $16 Bc7 22. b5 $1 Nfd7 (22... d5 23. b6 Bd6 24. c5) 23. bxa6 Bxa6
24. Rcb1 Qa8 25. Nc3 Nc5 (25... Bb6 26. c5 $1 $18) 26. Ndb5 Bb8 (26... Red8 27.
Bxc5 dxc5 28. Nxc7 Rxc7 (28... Rxd2 29. Nxa8 Rxa8 30. Rxa6 $18) 29. Rxa6 $18)
27. Nxd6 Red8 28. Ncb5 Rc6 (28... Bxd6 29. Nxd6 Rc7 (29... Qc6 30. Nxc8 $1 Rxd2
31. Ne7+ $18) 30. Qa5 $18) 29. Bxc5 Rxc5 30. Qe3 Nd7 (30... Rc6 31. c5 $18) 31.
f4 $1 e5 32. Qa3 Rc6 33. fxe5 $18 Nxe5 34. c5 Nd7 (34... Rf8 35. Nd4 $18) 35.
Bc4 Nxc5 36. Nxf7 Rf8 37. Rf1 Bxh2+ 38. Kxh2 Qb8+ 39. Nfd6+ 1-0